üveg- és kerámiacikkek áruismerete.

Uložené v:
Podrobná bibliografia
Hlavný autor: Nagyova, G.
Médium: Kniha
Jazyk:Slovak
Vydané: 1961.
Tagy: Pridať tag
Žiadne tagy, Buďte prvý kto otaguje tento záznam!

MARC

LEADER 00000nam a22000004a 4500
001 000537196
005 20170420113842.0
008 170420s1961 xo e 000 0 slo d
040 |a SVKKK  |b slo  |c SVKKK  |e AACR2 
100 1 |a Nagyova, G. 
245 1 0 |a üveg- és kerámiacikkek áruismerete. 
260 |c 1961. 
500 |a Záznam revízie 
910 |a svkkk 
998 |a BK 
090 |g SCKHL  |k Sklad Pribinova prízemie  |a I0.596  |j 06907  |i 2720422582  |s Absenčne